Normal view
MARC view
- Simon Eliot & W.R. Owens
Entry Personal Name
001 - CONTROL NUMBER
- control field: 5035
003 - CONTROL NUMBER IDENTIFIER
- control field: OSt
005 - DATE AND TIME OF LATEST TRANSACTION
- control field: 20221208051252.0
008 - FIXED-LENGTH DATA ELEMENTS
- fixed length control field: 221208|| aca||aabn | a|a d
040 ## - CATALOGING SOURCE
- Original cataloging agency: OSt
- Transcribing agency: OSt
100 ## - HEADING--PERSONAL NAME
- Personal name: Simon Eliot & W.R. Owens
670 ## - SOURCE DATA FOUND
- Source citation: Work cat.: (OSt)3569: Eliot, Simon 5034, A Handbook to Literary Research : , c1998
